Science Quiz

Random Science or Blitz Quiz

'L'ements Quiz Stats

 Plays Quiz Updated Nov 25, 2015

Challenge
Share
Tweet
Embed
Score 0/6 Timer 01:00
2 Plays Today
% Correct
Lithium
94.1%
Lead
60.9%
Lanthanum
59.7%
Lawrencium
50.8%
Lutetium
40.4%
Livermorium
35.7%

You're not logged in!

Compare scores with friends on all Sporcle quizzes.
OR
Log In

You Might Also Like...

Show Comments

Extras

Top Quizzes Today


Score Distribution

Your Account Isn't Verified!

In order to create a playlist on Sporcle, you need to verify the email address you used during registration. Go to your Sporcle Settings to finish the process.

Report this User

Report this user for behavior that violates our Community Guidelines.

Details: